[Event "Titled Tuesday intern op 16th Jan Late"]
[Site "Chess.com INT"]
[Date "2024.01.16"]
[Round "6"]
[White "Nunez V, Gustavo Eduardo"]
[Black "Gubajdullin, Alexey"]
[Result "1/2-1/2"]
[WhiteElo "2226"]
[BlackElo "2253"]
[PlyCount "160"]
[EventDate "2024.01.16"]
[EventType "swiss (blitz)"]
[EventRounds "11"]
[EventCountry "USA"]
[SourceTitle "CB04_2024"]
[SourceDate "2023.10.16"]
[SourceVersion "1"]
[SourceVersionDate "2023.10.16"]
[SourceQuality "1"]

1. e4 e5 2. Nc3 Nf6 3. g3 Nc6 4. Bg2 Bc5 5. h3 0-0 6. Nge2 Nd4 7. 0-0 c6 8. d3 d5 9. Bg5 Nxe2+ 10. Qxe2 d4 11. Nb1 Be7 12. f4 Nd7 13. Bxe7 Qxe7 14. Nd2 f6 15. a4 a5 16. Nc4 b6 17. fxe5 fxe5 18. Rxf8+ Qxf8 19. Rf1 Qe7 20. h4 Ba6 21. Nd2 Rf8 22. Bh3 Rxf1+ 23. Qxf1 Nc5 24. b3 Qf7 25. Nf3 Qf6 26. Kg2 g6 27. Qc1 Kg7 28. Qg5 h6 29. Qxe5 Qxe5 30. Nxe5 Bb7 31. Nc4 Na6 32. Nxb6 Nb4 33. Be6 Nxc2 34. Bc4 Ne3+ 35. Kf3 g5 36. hxg5 hxg5 37. e5 c5+ 38. Ke2 g4 39. Nd7 Bf3+ 40. Ke1 Kg6 41. Nxc5 Nd5 42. Ne6 Nb4 43. Nxd4 Bg2 44. Kd2 Bf1 45. Ke3 Bg2 46. Kf4 Bf1 47. Kxg4 Bxd3 48. Bxd3+ Nxd3 49. Nf3 Nc5 50. Nd2 Nd3 51. Nc4 Kf7 52. Kf5 Ke7 53. g4 Nc5 54. Nxa5 Nd3 55. Nc4 Nb4 56. a5 Kf7 57. Nd6+ Ke7 58. Ne4 Nc6 59. a6 Nd4+ 60. Kg5 Ne6+ 61. Kf5 Nd4+ 62. Kf4 Ne6+ 63. Ke3 Nc7 64. a7 Ke6 65. Kd4 Nb5+ 66. Kc5 Nxa7 67. Kb6 Nc8+ 68. Kc7 Ne7 69. g5 Kxe5 70. Nc5 Kd5 71. Kd7 Ng6 72. Ne6 Ne5+ 73. Ke7 Kc6 74. Kf6 Nd7+ 75. Kf7 Kb5 76. g6 Ne5+ 77. Kf6 Nxg6 78. Kxg6 Kb4 79. Nd4 Kc3 80. Ne2+ Kxb3 1/2-1/2

[Event "Titled Tuesday intern op 16th Jan Late"]
[Site "Chess.com INT"]
[Date "2024.01.16"]
[Round "10"]
[White "Nunez V, Gustavo Eduardo"]
[Black "Kim, Sergey2"]
[Result "1-0"]
[WhiteElo "2226"]
[BlackElo "2295"]
[PlyCount "75"]
[EventDate "2024.01.16"]
[EventType "swiss (blitz)"]
[EventRounds "11"]
[EventCountry "USA"]
[SourceTitle "CB04_2024"]
[SourceDate "2023.10.16"]
[SourceVersion "1"]
[SourceVersionDate "2023.10.16"]
[SourceQuality "1"]

1. e4 e5 2. Nc3 Nf6 3. g3 g6 4. Bg2 Bg7 5. Nge2 0-0 6. 0-0 c6 7. d4 d6 8. dxe5 dxe5 9. Qxd8 Rxd8 10. h3 a5 11. a3 Na6 12. Be3 Be6 13. Rfd1 Nd7 14. Na4 Bf8 15. Nb6 Nxb6 16. Bxb6 Rxd1+ 17. Rxd1 a4 18. Nc3 Nc5 19. f4 Nd7 20. Bc7 exf4 21. gxf4 Bc5+ 22. Kh2 Kf8 23. Bd6+ Bxd6 24. Rxd6 Ke7 25. e5 Nc5 26. Rd4 f6 27. Kg3 fxe5 28. fxe5 g5 29. Bf3 Rf8 30. Nxa4 Nxa4 31. Rxa4 Bxh3 32. Ra7 Bd7 33. Rxb7 Rc8 34. Bg4 Rd8 35. e6 Kd6 36. Rxd7+ Rxd7 37. exd7 Ke7 38. a4 1-0

[Event "Titled Tuesday intern op 25th Jul Late"]
[Site "Chess.com INT"]
[Date "2023.07.25"]
[Round "7"]
[White "Barwinska, Ewa"]
[Black "Nunez V, Gustavo Eduardo"]
[Result "0-1"]
[WhiteElo "2029"]
[BlackElo "2226"]
[PlyCount "56"]
[EventDate "2023.07.25"]
[EventType "swiss (blitz)"]
[EventRounds "11"]
[EventCountry "USA"]
[SourceTitle "EXT 2024"]
[Source "ChessBase"]
[SourceDate "2023.10.10"]
[SourceVersion "1"]
[SourceVersionDate "2023.10.10"]
[SourceQuality "1"]

1. e4 c5 2. b3 Nc6 3. Bb2 e5 4. Nc3 g6 5. Bb5 Nge7 6. Nf3 Bg7 7. 0-0 0-0 8. Re1 d6 9. h3 h6 10. Bxc6 bxc6 11. Nd5 cxd5 12. exd5 Nxd5 13. d3 f5 14. c4 Nf4 15. Bc1 Ne6 16. Nh2 Bb7 17. Rb1 Qh4 18. a3 a5 19. b4 axb4 20. axb4 Rab8 21. b5 Ra8 22. Nf3 Qh5 23. Be3 Ra2 24. Qb3 Rfa8 25. Nd2 f4 26. g4 Qxh3 27. Ne4 Bxe4 28. dxe4 f3 0-1

[Event "Titled Tuesday intern op 25th Jul Late"]
[Site "Chess.com INT"]
[Date "2023.07.25"]
[Round "8"]
[White "Nunez V, Gustavo Eduardo"]
[Black "Fiorito, Joaquin"]
[Result "1-0"]
[WhiteElo "2226"]
[BlackElo "2409"]
[PlyCount "121"]
[EventDate "2023.07.25"]
[EventType "swiss (blitz)"]
[EventRounds "11"]
[EventCountry "USA"]
[SourceTitle "EXT 2024"]
[Source "ChessBase"]
[SourceDate "2023.10.10"]
[SourceVersion "1"]
[SourceVersionDate "2023.10.10"]
[SourceQuality "1"]

1. e4 c5 2. Nc3 d6 3. g3 g6 4. Bg2 Bg7 5. d3 e5 6. Be3 Ne7 7. Qd2 h5 8. h3 Nbc6 9. Nge2 Be6 10. Nd5 Qd7 11. c3 f5 12. Bg5 Rf8 13. a3 Bxd5 14. exd5 Na5 15. Qc2 b6 16. b4 Nb7 17. 0-0 Bf6 18. Qd2 0-0-0 19. a4 cxb4 20. cxb4 Kb8 21. Rfc1 Rc8 22. Bxf6 Rxf6 23. Rxc8+ Nxc8 24. Qg5 Qe7 25. Nc3 a6 26. Re1 Nd8 27. d4 e4 28. Bf1 Nf7 29. Qd2 Ka7 30. Rc1 Nd8 31. Nb5+ axb5 32. Rxc8 Rf8 33. Qc3 Nb7 34. Rc7 Qd8 35. Qc6 Qb8 36. a5 bxa5 37. Bxb5 Qxc7 38. Qxc7 axb4 39. Bc6 Rb8 40. Bxb7 Rxb7 41. Qa5+ Kb8 42. Qd8+ Ka7 43. Qxd6 b3 44. Qa3+ Kb8 45. Qb2 Kc7 46. Qc3+ Kb8 47. Qb2 Kc7 48. Kf1 Kd6 49. Ke2 Kxd5 50. Ke3 Kc4 51. Qc1+ Kb4 52. d5 g5 53. h4 f4+ 54. gxf4 gxh4 55. Kxe4 Ka4 56. Qc6+ Rb5 57. d6 b2 58. Qc2+ Ka3 59. d7 h3 60. d8Q b1Q 61. Qa8+ 1-0

[Event "Titled Tuesday intern op 25th Jul Late"]
[Site "Chess.com INT"]
[Date "2023.07.25"]
[Round "6"]
[White "Nunez V, Gustavo Eduardo"]
[Black "Vaglio Munoz, Jaime"]
[Result "1-0"]
[WhiteElo "2226"]
[BlackElo "2174"]
[PlyCount "119"]
[EventDate "2023.07.25"]
[EventType "swiss (blitz)"]
[EventRounds "11"]
[EventCountry "USA"]
[SourceTitle "EXT 2024"]
[Source "ChessBase"]
[SourceDate "2023.10.10"]
[SourceVersion "1"]
[SourceVersionDate "2023.10.10"]
[SourceQuality "1"]

1. e4 c5 2. Nc3 Qa5 3. g3 a6 4. Bg2 b5 5. Nge2 Bb7 6. 0-0 b4 7. Nd5 e6 8. Ne3 Nf6 9. d3 d6 10. a3 bxa3 11. Rxa3 Qc7 12. Bd2 Nc6 13. c3 Be7 14. Qc2 0-0 15. Rfa1 h6 16. f3 Rfc8 17. Nc4 d5 18. Na5 Nxa5 19. Rxa5 c4 20. d4 Qb6 21. e5 Nd7 22. f4 Rcb8 23. g4 Bc8 24. Bc1 g5 25. Kh1 Nf8 26. f5 Bd8 27. Ng3 Qb3 28. Qxb3 Rxb3 29. R5a3 Rab8 30. Rxb3 Rxb3 31. Bf3 a5 32. Bd1 Rb8 33. Bc2 Bd7 34. Nh5 a4 35. Ra2 Ra8 36. h4 Nh7 37. f6 Bb6 38. Bxh7+ Kxh7 39. hxg5 hxg5 40. Bxg5 Kg6 41. Bd2 Rh8 42. Kg2 Bb5 43. Ra1 Kh7 44. Nf4 Kg8 45. g5 Rh4 46. Kg3 Rh8 47. g6 Be8 48. g7 Rh6 49. Nxe6 fxe6 50. Bxh6 Bd8 51. Kf4 Kh7 52. Rg1 Bf7 53. g8Q+ Bxg8 54. Rg7+ Kxh6 55. Rxg8 Ba5 56. f7 Bb4 57. cxb4 c3 58. f8Q+ Kh5 59. Rg5+ Kh4 60. Qh6# 1-0

[Event "Titled Tuesday intern op 18th Jul Early"]
[Site "Chess.com INT"]
[Date "2023.07.18"]
[Round "2"]
[White "Matinian, Nikita"]
[Black "Nunez V, Gustavo Eduardo"]
[Result "1-0"]
[WhiteElo "2421"]
[BlackElo "2226"]
[PlyCount "87"]
[EventDate "2023.07.18"]
[EventType "swiss (blitz)"]
[EventRounds "11"]
[EventCountry "USA"]
[SourceTitle "EXT 2024"]
[Source "ChessBase"]
[SourceDate "2023.10.10"]
[SourceVersion "1"]
[SourceVersionDate "2023.10.10"]
[SourceQuality "1"]

1. e4 c5 2. Nf3 Nc6 3. Bb5 g6 4. 0-0 Bg7 5. d3 e5 6. a3 Nge7 7. b4 cxb4 8. axb4 Nxb4 9. Ba3 Nbc6 10. Bd6 0-0 11. Nc3 a6 12. Bc4 h6 13. h4 Kh7 14. h5 g5 15. Nh2 f5 16. exf5 Rxf5 17. Ng4 Ng8 18. d4 Kh8 19. dxe5 Nxe5 20. Bxe5 Bxe5 21. Bd3 d6 22. Bxf5 Bxf5 23. Nxe5 dxe5 24. Qe2 Qc7 25. Nb5 Qc5 26. Rfe1 Re8 27. Na3 Nf6 28. Nc4 e4 29. Ra5 Qc8 30. Nd6 Qd8 31. Nf7+ Kg7 32. Nxd8 Bg4 33. Qd2 Bxh5 34. Nxb7 Bf7 35. Rxa6 Rb8 36. Rxf6 Rxb7 37. Qd4 Re7 38. Re6+ Kf8 39. Rxe7 Kxe7 40. Rxe4+ Kf8 41. Qf6 Kg8 42. Re7 h5 43. Qxf7+ Kh8 44. Qh7# 1-0

[Event "Titled Tuesday intern op 18th Jul Early"]
[Site "Chess.com INT"]
[Date "2023.07.18"]
[Round "3"]
[White "Nunez V, Gustavo Eduardo"]
[Black "Lamaze, Simon"]
[Result "0-1"]
[WhiteElo "2226"]
[BlackElo "2388"]
[PlyCount "88"]
[EventDate "2023.07.18"]
[EventType "swiss (blitz)"]
[EventRounds "11"]
[EventCountry "USA"]
[SourceTitle "EXT 2024"]
[Source "ChessBase"]
[SourceDate "2023.10.10"]
[SourceVersion "1"]
[SourceVersionDate "2023.10.10"]
[SourceQuality "1"]

1. e4 c5 2. Nc3 Nc6 3. f4 g6 4. Nf3 Bg7 5. Bc4 Nd4 6. 0-0 e6 7. f5 gxf5 8. exf5 Nxf5 9. d3 Nge7 10. Ng5 d5 11. Bb5+ Bd7 12. Qh5 Ng6 13. Nxf7 Bd4+ 14. Kh1 Kxf7 15. g4 Qh4 16. Qxh4 Ngxh4 17. Bxd7 Ke7 18. gxf5 Kxd7 19. fxe6+ Kxe6 20. Re1+ Kd6 21. Bf4+ Kc6 22. Re6+ Kd7 23. Rd6+ Ke7 24. Nxd5+ Kf7 25. Rf1 Ng6 26. Be5+ Kg8 27. Nf6+ Kg7 28. Rd7+ Kh6 29. Bxd4 cxd4 30. Rf5 Nf8 31. Rd6 Kg7 32. Rg5+ Kf7 33. Rf5 Ke7 34. Ne4 Ng6 35. Rxd4 Raf8 36. Rxf8 Rxf8 37. Kg2 Nf4+ 38. Kh1 Ne2 39. Rb4 b6 40. Ra4 a5 41. Rc4 Rg8 42. Rc7+ Kd8 43. Rd7+ Kc8 44. Rxh7 Rg1# 0-1

[Event "Titled Tuesday intern op 18th Jul Early"]
[Site "Chess.com INT"]
[Date "2023.07.18"]
[Round "1"]
[White "Oro, Faustino"]
[Black "Nunez V, Gustavo Eduardo"]
[Result "0-1"]
[WhiteElo "2316"]
[BlackElo "2226"]
[PlyCount "80"]
[EventDate "2023.07.18"]
[EventType "swiss (blitz)"]
[EventRounds "11"]
[EventCountry "USA"]
[SourceTitle "EXT 2024"]
[Source "ChessBase"]
[SourceDate "2023.10.10"]
[SourceVersion "1"]
[SourceVersionDate "2023.10.10"]
[SourceQuality "1"]

1. Nf3 g6 2. e3 Bg7 3. d4 Nf6 4. c4 0-0 5. Be2 d6 6. 0-0 Nbd7 7. Nc3 e5 8. Qc2 Re8 9. Rd1 exd4 10. exd4 Nf8 11. h3 Bf5 12. Qb3 Qc8 13. Bf1 c6 14. Bf4 Qd7 15. c5 d5 16. Ne5 Qc8 17. Re1 Ne6 18. Ne2 Nh5 19. Bh2 Bxe5 20. Bxe5 Nxc5 21. Qc3 Ne4 22. Qc1 f6 23. Bh2 Bd7 24. f3 Ng5 25. h4 Nf7 26. Nf4 Rxe1 27. Qxe1 Nxf4 28. Bxf4 Qe8 29. Qb4 b6 30. Re1 Qf8 31. Qa4 a5 32. Qc2 Re8 33. Rd1 Qb4 34. a3 Qe7 35. Qd2 g5 36. hxg5 fxg5 37. Bc7 g4 38. f4 g3 39. Be5 Qh4 40. Bd3 Bg4 0-1

[Event "Titled Tuesday intern op 18th Jul Early"]
[Site "Chess.com INT"]
[Date "2023.07.18"]
[Round "6"]
[White "Wang, Alexander J"]
[Black "Nunez V, Gustavo Eduardo"]
[Result "0-1"]
[WhiteElo "1841"]
[BlackElo "2226"]
[PlyCount "80"]
[EventDate "2023.07.18"]
[EventType "swiss (blitz)"]
[EventRounds "11"]
[EventCountry "USA"]
[SourceTitle "EXT 2024"]
[Source "ChessBase"]
[SourceDate "2023.10.10"]
[SourceVersion "1"]
[SourceVersionDate "2023.10.10"]
[SourceQuality "1"]

1. e4 c5 2. Nf3 Nc6 3. d4 cxd4 4. Nxd4 e5 5. Ne2 Nf6 6. Nbc3 Bc5 7. Na4 Qa5+ 8. c3 Nxe4 9. Nxc5 Qxc5 10. Be3 Qd6 11. Qc2 f5 12. f3 Nf6 13. Qxf5 0-0 14. Qc2 Qe6 15. Ng3 d5 16. Be2 h5 17. h4 d4 18. Bg5 dxc3 19. Qxc3 Nd5 20. Qc1 g6 21. 0-0 Nd4 22. Bc4 Bd7 23. Ne4 Bc6 24. Bh6 Rf5 25. Bg5 Raf8 26. Kh2 b5 27. Bxd5 Bxd5 28. Nf6+ R8xf6 29. Bxf6 Qxf6 30. Qc8+ Qf8 31. Qxf8+ Kxf8 32. b3 Ke7 33. Rae1 Kd6 34. Rd1 Rf4 35. Rfe1 Rxh4+ 36. Kg3 Rf4 37. Re3 Nf5+ 38. Kf2 Nxe3 39. Kxe3 g5 40. g3 Rxf3+ 0-1

[Event "Titled Tuesday intern op 11th Jul Late"]
[Site "Chess.com INT"]
[Date "2023.07.11"]
[Round "11"]
[White "Nunez V, Gustavo Eduardo"]
[Black "Adewumi, Tanitoluwa"]
[Result "0-1"]
[WhiteElo "2226"]
[BlackElo "2276"]
[PlyCount "164"]
[EventDate "2023.07.11"]
[EventType "swiss (blitz)"]
[EventRounds "11"]
[EventCountry "USA"]
[SourceTitle "EXT 2024"]
[Source "ChessBase"]
[SourceDate "2023.10.10"]
[SourceVersion "1"]
[SourceVersionDate "2023.10.10"]
[SourceQuality "1"]

1. e4 c5 2. Nc3 Nc6 3. g3 g6 4. Bg2 Bg7 5. d3 e6 6. Be3 b6 7. Qd2 Bb7 8. h3 Nge7 9. Nge2 Nd4 10. 0-0 0-0 11. Bxd4 cxd4 12. Nb5 Nc6 13. c3 dxc3 14. bxc3 d6 15. a4 a6 16. Nbd4 Na5 17. Rfb1 Rb8 18. Rb2 Qc7 19. Rab1 Ba8 20. Rb4 Rfc8 21. Qb2 Bxd4 22. Rxd4 Nc6 23. Rc4 b5 24. axb5 axb5 25. Rb4 Nxb4 26. Qxb4 Qc5 27. Kf1 Rc7 28. Ke1 Kf8 29. Qd4 Qxd4 30. cxd4 Rc2 31. Rc1 Rbc8 32. Kd1 Rxc1+ 33. Nxc1 b4 34. Kd2 Rc3 35. Bf3 Ra3 36. Bd1 Bc6 37. Bb3 Ba4 38. Bc4 Ke7 39. f4 Rc3 40. Na2 Rc2+ 41. Ke3 b3 42. Nb4 b2 43. Ba2 Rc1 44. Kd2 Ra1 45. Nc6+ Kf8 46. Nb4 Rxa2 47. Nxa2 b1Q 48. Nc3 Qb2+ 49. Ke3 Qxc3 50. e5 Qxd4+ 51. Kxd4 dxe5+ 52. Kxe5 Bc2 53. d4 Ke7 54. d5 exd5 55. Kxd5 Kf6 56. Kd4 Bf5 57. g4 Bxg4 58. hxg4 h5 59. gxh5 gxh5 60. Ke4 h4 61. Ke3 Kf5 62. Kf3 h3 63. Kg3 h2 64. Kxh2 Kxf4 65. Kg2 f6 66. Kg1 Ke3 67. Kg2 f5 68. Kf1 f4 69. Ke1 f3 70. Kf1 f2 71. Kg2 Ke2 72. Kg3 f1Q 73. Kg4 Qf6 74. Kh5 Qg7 75. Kh4 Kf3 76. Kh5 Qg3 77. Kh6 Qg4 78. Kh7 Kf4 79. Kh6 Kf5 80. Kh7 Qg5 81. Kh8 Kf6 82. Kh7 Qg7# 0-1

[Event "Titled Tuesday intern op 11th Jul Early"]
[Site "Chess.com INT"]
[Date "2023.07.11"]
[Round "4"]
[White "Nunez V, Gustavo Eduardo"]
[Black "Mangialardo, Tiago Carvalho"]
[Result "1-0"]
[WhiteElo "2226"]
[BlackElo "1965"]
[PlyCount "53"]
[EventDate "2023.07.11"]
[EventType "swiss (blitz)"]
[EventRounds "11"]
[EventCountry "USA"]
[SourceTitle "EXT 2024"]
[Source "ChessBase"]
[SourceDate "2023.10.10"]
[SourceVersion "1"]
[SourceVersionDate "2023.10.10"]
[SourceQuality "1"]

1. e4 Nf6 2. Nc3 d5 3. exd5 Nxd5 4. Bc4 Nxc3 5. Qf3 e6 6. dxc3 g6 7. Bf4 Bg7 8. Rd1 Qe7 9. Ne2 0-0 10. 0-0 Nc6 11. Rfe1 Ne5 12. Bxe5 Bxe5 13. Nd4 Bd6 14. Nb5 Bc5 15. b4 Bb6 16. Nd4 a6 17. Nb3 Rb8 18. a4 Bd7 19. a5 Bc6 20. Qg3 Ba7 21. h4 Rbd8 22. h5 Qf6 23. hxg6 hxg6 24. Rd3 Rxd3 25. Bxd3 Qxc3 26. Kf1 Qxb4 27. Rxe6 1-0

[Event "Titled Tuesday intern op 11th Jul Late"]
[Site "Chess.com INT"]
[Date "2023.07.11"]
[Round "9"]
[White "Nunez V, Gustavo Eduardo"]
[Black "Rozman, Levy"]
[Result "0-1"]
[WhiteElo "2226"]
[BlackElo "2322"]
[PlyCount "172"]
[EventDate "2023.07.11"]
[EventType "swiss (blitz)"]
[EventRounds "11"]
[EventCountry "USA"]
[SourceTitle "EXT 2024"]
[Source "ChessBase"]
[SourceDate "2023.10.10"]
[SourceVersion "1"]
[SourceVersionDate "2023.10.10"]
[SourceQuality "1"]

1. e4 c6 2. d3 d5 3. Nd2 g6 4. g3 Bg7 5. Bg2 Nf6 6. Ne2 0-0 7. 0-0 e5 8. Nc3 Be6 9. h3 Nbd7 10. f4 Nh5 11. f5 Nxg3 12. fxe6 fxe6 13. Rxf8+ Nxf8 14. Qg4 Qb6+ 15. Kh2 Nh5 16. Nf3 Qf2 17. Bd2 Qb6 18. b3 Re8 19. Rf1 Nd7 20. Ng5 Ndf6 21. Qe2 Qc7 22. Bf3 Nf4 23. Bxf4 exf4 24. e5 Nd7 25. d4 a6 26. Na4 c5 27. c3 b5 28. Nb2 cxd4 29. cxd4 Qc3 30. Rd1 h6 31. Nxe6 Rxe6 32. Bxd5 Nf8 33. Rd3 Qc1 34. Qd2 Qc7 35. Qg2 Kh7 36. Bxe6 Nxe6 37. d5 f3 38. Rxf3 Bxe5+ 39. Kh1 Nf4 40. Qd2 Nh5 41. Nd3 Ng3+ 42. Kg2 Bd6 43. Nf2 Nf5 44. Ne4 Nh4+ 45. Kf2 Nxf3 46. Kxf3 Qf7+ 47. Ke2 Be5 48. d6 Qf5 49. Qd3 Qe6 50. d7 Bc7 51. Kd2 Bd8 52. Kc3 h5 53. h4 Qe5+ 54. Qd4 Qxd4+ 55. Kxd4 Bxh4 56. Kd5 Kg8 57. Ke6 Bd8 58. Nc5 h4 59. Nb7 Bc7 60. d8Q+ Bxd8 61. Nxd8 h3 62. Nf7 h2 63. Kf6 h1Q 64. Ne5 Qe4 65. Nxg6 Qc2 66. Ne7+ Kf8 67. Nf5 Qxa2 68. b4 Qb2+ 69. Ke6 Qxb4 70. Nd6 Qb3+ 71. Kd7 a5 72. Nb7 a4 73. Nc5 Qc4 74. Ne6+ Qxe6+ 75. Kxe6 a3 76. Kd5 a2 77. Kc5 a1Q 78. Kxb5 Qc3 79. Kb6 Qc4 80. Kb7 Qc5 81. Kb8 Qc6 82. Ka7 Qb5 83. Ka8 Ke7 84. Ka7 Kd7 85. Ka8 Kc7 86. Ka7 Qa5# 0-1

[Event "Titled Tuesday intern op 11th Jul Late"]
[Site "Chess.com INT"]
[Date "2023.07.11"]
[Round "1"]
[White "Nunez V, Gustavo Eduardo"]
[Black "Warmerdam, Max"]
[Result "0-1"]
[WhiteElo "2226"]
[BlackElo "2607"]
[PlyCount "140"]
[EventDate "2023.07.11"]
[EventType "swiss (blitz)"]
[EventRounds "11"]
[EventCountry "USA"]
[SourceTitle "EXT 2024"]
[Source "ChessBase"]
[SourceDate "2023.10.10"]
[SourceVersion "1"]
[SourceVersionDate "2023.10.10"]
[SourceQuality "1"]

1. e4 c6 2. d3 d5 3. Nd2 g6 4. g3 Bg7 5. Bg2 e5 6. Ne2 Nf6 7. 0-0 0-0 8. h3 dxe4 9. Nxe4 Nxe4 10. dxe4 Be6 11. Qxd8 Rxd8 12. c3 Nd7 13. Be3 Bf8 14. b3 Bc5 15. Bxc5 Nxc5 16. Rfd1 a5 17. f3 Nd3 18. Rd2 Rd7 19. Rad1 Rad8 20. f4 f6 21. fxe5 fxe5 22. c4 Kf7 23. Nc3 Nc5 24. Rxd7+ Bxd7 25. Kf2 Ke7 26. Ke3 Ra8 27. Rb1 Ne6 28. Ne2 c5 29. a3 Bc6 30. Bf3 Nd4 31. Nxd4 exd4+ 32. Kd3 Rf8 33. Ke2 Ke6 34. b4 axb4 35. axb4 Ke5 36. bxc5 Ra8 37. Rb2 Ra5 38. Kd3 Ra3+ 39. Ke2 Rc3 40. Rb4 Rc2+ 41. Kd3 Rf2 42. Bh1 Rf1 43. Bg2 Rg1 44. Bf3 Rxg3 45. Ke2 Rxh3 46. Kf2 Rh2+ 47. Kg3 Rc2 48. Rb1 Rxc4 49. Rh1 h5 50. Kh4 d3 51. Kg5 Bxe4 52. Bxe4 Rxe4 53. Kxg6 h4 54. Rh3 Kd4 55. Kf5 d2 56. Rh1 h3 57. Rd1 Re2 58. Kf4 h2 59. Kf3 Kd3 60. Ra1 Re1 61. Ra3+ Kc4 62. Ra4+ Kxc5 63. Ra5+ b5 64. Ra8 d1Q+ 65. Kf4 Qd4+ 66. Kg5 Qe5+ 67. Kh6 h1Q+ 68. Kg6 Rg1+ 69. Kf7 Qh7+ 70. Kf8 Rg8# 0-1

[Event "Titled Tuesday intern op 04th Jul Late"]
[Site "Chess.com INT"]
[Date "2023.07.04"]
[Round "1"]
[White "Erdogmus, Yagiz Kaan"]
[Black "Nunez V, Gustavo Eduardo"]
[Result "1-0"]
[WhiteElo "2483"]
[BlackElo "2226"]
[PlyCount "155"]
[EventDate "2023.07.04"]
[EventType "swiss (blitz)"]
[EventRounds "11"]
[EventCountry "USA"]
[SourceTitle "EXT 2024"]
[Source "ChessBase"]
[SourceDate "2023.10.10"]
[SourceVersion "1"]
[SourceVersionDate "2023.10.10"]
[SourceQuality "1"]

1. e4 c5 2. Nf3 Nc6 3. d4 cxd4 4. Nxd4 e5 5. Nb5 a6 6. Nd6+ Bxd6 7. Qxd6 Qf6 8. Qxf6 Nxf6 9. Nc3 Nb4 10. Kd1 Ng4 11. Be3 Nxe3+ 12. fxe3 0-0 13. Kd2 d6 14. a3 Nc6 15. Rd1 Bg4 16. Be2 Bxe2 17. Kxe2 Rad8 18. Rd2 Na5 19. b3 Rfe8 20. Rhd1 Re6 21. Na4 Rg6 22. Kf2 h5 23. Rd5 b5 24. Nb2 Rc8 25. R1d2 Nb7 26. Nd3 Rf6+ 27. Ke2 h4 28. Nb4 Nc5 29. Rxd6 Rxd6 30. Rxd6 Nxe4 31. Rxa6 Rd8 32. Nd3 Nc3+ 33. Kd2 Nb1+ 34. Kc1 Nc3 35. Rc6 Nd5 36. Nxe5 Nxe3 37. g3 h3 38. a4 bxa4 39. bxa4 Rd1+ 40. Kb2 Nf1 41. Nf3 Rd5 42. Rc3 g5 43. Rd3 Ra5 44. Rd1 Ne3 45. Rd3 Ng4 46. Kb3 Nf2 47. Rd8+ Kg7 48. c4 g4 49. Nd4 Ne4 50. Rd5 Ra8 51. Nf5+ Kf6 52. Ne3 Ke6 53. Nxg4 f5 54. Re5+ Kd6 55. Rxf5 Rb8+ 56. Rb5 Nc5+ 57. Kb4 Nd3+ 58. Kc3 Rg8 59. Nf6 Rf8 60. Ne4+ Kc6 61. Kxd3 Rf3+ 62. Kd4 Rf1 63. Rh5 Ra1 64. Rh6+ Kd7 65. Rxh3 Rxa4 66. Nc5+ Kc6 67. Nxa4 Kb7 68. Rh6 Ka7 69. c5 Kb7 70. Kd5 Kc7 71. c6 Kb8 72. Kd6 Ka7 73. c7 Ka6 74. c8Q+ Kb5 75. Qc5+ Kxa4 76. Rh4+ Kb3 77. Rb4+ Ka2 78. Qa5# 1-0

[Event "Titled Tuesday intern op 04th Jul Early"]
[Site "Chess.com INT"]
[Date "2023.07.04"]
[Round "10"]
[White "Nunez V, Gustavo Eduardo"]
[Black "Kostiukov, Alexandr"]
[Result "1-0"]
[WhiteElo "2226"]
[BlackElo "2271"]
[PlyCount "79"]
[EventDate "2023.07.04"]
[EventType "swiss (blitz)"]
[EventRounds "11"]
[EventCountry "USA"]
[SourceTitle "EXT 2024"]
[Source "ChessBase"]
[SourceDate "2023.10.10"]
[SourceVersion "1"]
[SourceVersionDate "2023.10.10"]
[SourceQuality "1"]

1. e4 c5 2. Nc3 g6 3. g3 Bg7 4. Bg2 Nc6 5. d3 d6 6. Be3 e5 7. Nh3 Nge7 8. 0-0 Nd4 9. f4 0-0 10. Nf2 f5 11. exf5 Nexf5 12. Bd2 Rb8 13. a4 Be6 14. Nfe4 Kh8 15. Ng5 Bg8 16. Bd5 h6 17. Bxg8 Kxg8 18. Nge4 b6 19. Nd5 Kh7 20. c3 Nc6 21. Qg4 Nce7 22. Nxe7 Qxe7 23. fxe5 Bxe5 24. Rae1 Qd7 25. Qh3 h5 26. Ng5+ Kg8 27. Qg2 Qb7 28. Rf3 Qd5 29. Ref1 Rbe8 30. Qh3 Bg7 31. g4 Nh6 32. Rxf8+ Rxf8 33. Rxf8+ Bxf8 34. gxh5 gxh5 35. Qxh5 Qf5 36. Qe8 Qxd3 37. Qe6+ Kh8 38. Qf6+ Kg8 39. Qe6+ Kh8 40. Qe3 1-0

[Event "Titled Tuesday intern op 04th Jul Early"]
[Site "Chess.com INT"]
[Date "2023.07.04"]
[Round "7"]
[White "Nunez V, Gustavo Eduardo"]
[Black "Martinez Ramirez, Lennis"]
[Result "0-1"]
[WhiteElo "2226"]
[BlackElo "2426"]
[PlyCount "102"]
[EventDate "2023.07.04"]
[EventType "swiss (blitz)"]
[EventRounds "11"]
[EventCountry "USA"]
[SourceTitle "EXT 2024"]
[Source "ChessBase"]
[SourceDate "2023.10.10"]
[SourceVersion "1"]
[SourceVersionDate "2023.10.10"]
[SourceQuality "1"]

1. e4 c6 2. d3 g6 3. Nd2 Bg7 4. g3 a5 5. Bg2 a4 6. a3 d5 7. Ne2 Nf6 8. 0-0 0-0 9. h3 dxe4 10. Nxe4 Nxe4 11. dxe4 Qb6 12. c3 Rd8 13. Qc2 Be6 14. Be3 Qb3 15. Qxb3 Bxb3 16. Bd4 e5 17. Bb6 Rd2 18. Nc1 Bc4 19. Re1 Rxb2 20. Be3 Nd7 21. Bf1 Bxf1 22. Kxf1 Nf8 23. Nd3 Rb3 24. Rec1 b6 25. Nb4 Rc8 26. Bxb6 Bh6 27. Rc2 Ne6 28. Ke2 f5 29. Be3 f4 30. Bc1 Kf7 31. Nd3 Kf6 32. Bb2 c5 33. c4 f3+ 34. Kxf3 Rxd3+ 35. Ke2 Rb3 36. Rd1 Nd4+ 37. Bxd4 cxd4 38. c5 Bf8 39. c6 Bxa3 40. Rd3 Bd6 41. Rc4 Rb2+ 42. Kf3 a3 43. Kg4 a2 44. Ra4 Rxf2 45. Rf3+ Rxf3 46. Kxf3 Rxc6 47. Rxa2 Rc3+ 48. Kg4 h5+ 49. Kh4 Be7 50. g4 g5+ 51. Kxh5 Rxh3# 0-1

[Event "Titled Tuesday intern op 04th Jul Late"]
[Site "Chess.com INT"]
[Date "2023.07.04"]
[Round "4"]
[White "Nunez V, Gustavo Eduardo"]
[Black "Rodriguez Santiago, Jaime"]
[Result "0-1"]
[WhiteElo "2226"]
[BlackElo "2020"]
[PlyCount "96"]
[EventDate "2023.07.04"]
[EventType "swiss (blitz)"]
[EventRounds "11"]
[EventCountry "USA"]
[SourceTitle "EXT 2024"]
[Source "ChessBase"]
[SourceDate "2023.10.10"]
[SourceVersion "1"]
[SourceVersionDate "2023.10.10"]
[SourceQuality "1"]

1. e4 c6 2. d3 d5 3. Nd2 dxe4 4. dxe4 Nf6 5. g3 Bg4 6. Be2 Bxe2 7. Qxe2 e6 8. Ngf3 Nbd7 9. 0-0 Be7 10. e5 Nd5 11. c4 Nc7 12. Ne4 0-0 13. Be3 Qc8 14. Rfd1 Ne8 15. Rd3 Qc7 16. Rad1 Nxe5 17. Nxe5 Qxe5 18. Bf4 Qa5 19. Rd7 Bf6 20. Rxb7 Qxa2 21. Rdd7 a5 22. Nc5 Qb1+ 23. Kg2 Qf5 24. Ne4 e5 25. Bd2 Bd8 26. g4 Qg6 27. Ng3 Nf6 28. Rd6 Qxg4 29. f3 Qc8 30. Rb3 a4 31. Re3 Re8 32. Bc3 Qb8 33. Rxc6 Bc7 34. Ne4 Nxe4 35. fxe4 a3 36. bxa3 Rxa3 37. Bd2 Ra2 38. Rc5 Bb6 39. Rb5 Bxe3 40. Rxb8 Rxb8 41. Qxe3 Rbb2 42. Kf3 Rxd2 43. Qb6 h6 44. Qb8+ Kh7 45. Qxe5 Rd3+ 46. Kg4 Rg2+ 47. Kh4 g5+ 48. Kh5 Rh3# 0-1